|
|
|
|
| LEADER |
01201nam a2200241 i 4500 |
| 005 |
20230224112022.0 |
| 008 |
170213t2006 gr ||||f b||| 001 0 eng d |
| 999 |
|
|
|c 207729
|d 207729
|
| 020 |
|
|
|a 9604427865
|
| 040 |
|
|
|a GR-PaULI
|b gre
|c GR-PaULI
|e AACR2
|
| 082 |
0 |
4 |
|2 23
|a 340.1
|
| 100 |
1 |
|
|9 160048
|a Wacks, Raymond.
|e συγγραφέας.
|
| 245 |
|
|
|a Φιλοσοφία του δικαίου /
|c Raymond Wacks ; μετάφραση Γιώργος Στείρης.
|
| 260 |
|
|
|a Αθήνα:
|b Ελληνικά Γράμματα,
|c c2006
|
| 300 |
|
|
|a 142 σ. :
|b φωτ. ;
|c 18 εκ.
|
| 490 |
1 |
|
|a Όλα όσα πρέπει να γνωρίζετε / Το Βήμα
|
| 504 |
|
|
|6 Περιλαμβάνει βιβλιογραφία και ευρετήριο.
|
| 650 |
|
4 |
|9 3639
|a Δίκαιο
|x Φιλοσοφία
|
| 700 |
1 |
|
|9 132835
|a Στείρης, Γεώργιος Χρ.
|e μεταφραστής
|
| 830 |
|
0 |
|9 189299
|a Όλα όσα πρέπει να γνωρίζετε (Το Βήμα)
|
| 942 |
|
|
|2 ddc
|c BKN
|
| 998 |
|
|
|d ΣΑΤΛΑΝΗΣ
|b 2022-01
|
| 952 |
|
|
|0 0
|1 0
|2 ddc
|4 0
|6 340_100000000000000_WAC
|7 0
|9 354296
|a LISP
|b LISP
|c DON
|d 2022-01-13
|e ΠΑΤ
|i 147004
|l 0
|o 340.1 WAC
|p 025000273411
|r 2022-01-13
|t 1
|v 2022.00
|w 2022-01-13
|y BKN
|